000 00418nam a2200145Ia 4500
008 100122s9999 xx 000 0 und d
082 _b57622
_a823
100 _aनायक श्रीकांत
245 _aयज्ञकुंड
260 _bमनोरमा प्रकाशन
_c2000
300 _a303
630 _aयज्ञकुंड
730 _aयज्ञकुंड
942 _cBOOK
999 _c433790
_d433787